[Event "NED-ch U14 Girls"]
[Site "Almelo"]
[Date "2022.05.07"]
[Round "7"]
[White "Tunyluhulima, Serana"]
[Black "Jonkman, Sophia"]
[Result "0-1"]
[WhiteElo "1617"]
[BlackElo "1417"]
[PlyCount "120"]
[EventDate "2022.05.01"]
[EventType "swiss"]
[EventRounds "9"]
[EventCountry "NED"]
[SourceTitle "EXT 2023"]
[Source "ChessBase"]
[SourceDate "2022.10.05"]
[SourceVersion "1"]
[SourceVersionDate "2022.10.05"]
[SourceQuality "1"]

1. e4 e6 2. d4 d5 3. e5 c5 4. c3 Nc6 5. Nf3 Qa5 6. Bd2 Qb6 7. Bc1 Nge7 8. Na3 a6 9. Qa4 Bd7 10. Nb5 Nc8 11. c4 Rb8 12. Nc3 dxc4 13. Qxc4 cxd4 14. Na4 Qb4+ 15. Qxb4 Bxb4+ 16. Bd2 Bxd2+ 17. Nxd2 Nxe5 18. Nc5 Bb5 19. Bxb5+ axb5 20. 0-0 Nb6 21. Ndb3 Nc6 22. Rad1 e5 23. Rfe1 0-0 24. Nd2 Rfe8 25. Nf3 f6 26. Re4 Na4 27. Nxa4 bxa4 28. Nh4 g6 29. Rg4 Kf7 30. Re1 Ne7 31. Nf3 Rbc8 32. Nd2 Rc2 33. Ne4 Nf5 34. Ng3 Nxg3 35. Rxg3 Rxb2 36. Ra3 b5 37. h3 Rc8 38. Rd1 Rcc2 39. Rf3 Rxa2 40. Re1 Re2 41. Rc1 Rec2 42. Re1 b4 43. Rxe5 b3 44. Rb5 Rc7 45. Rf4 b2 46. Rh4 Kg7 47. Rxd4 Ra1+ 48. Kh2 b1Q 49. Rxb1 Rxb1 50. Rxa4 Rbc1 51. Re4 R1c4 52. Re3 h5 53. f3 f5 54. g3 Rc2+ 55. Kg1 Rd7 56. Re1 Rdd2 57. Kf1 Rf2+ 58. Kg1 Rg2+ 59. Kh1 Rxg3 60. Rg1 Rxh3# 0-1

[Event "NED-ch U14 Girls"]
[Site "Almelo"]
[Date "2022.05.05"]
[Round "5"]
[White "Koorevaar, Sarah Joy"]
[Black "Jonkman, Sophia"]
[Result "1-0"]
[WhiteElo "849"]
[BlackElo "1417"]
[PlyCount "117"]
[EventDate "2022.05.01"]
[EventType "swiss"]
[EventRounds "9"]
[EventCountry "NED"]
[SourceTitle "EXT 2023"]
[Source "ChessBase"]
[SourceDate "2022.10.05"]
[SourceVersion "1"]
[SourceVersionDate "2022.10.05"]
[SourceQuality "1"]

1. d4 Nf6 2. c4 g6 3. Nc3 Bg7 4. Bf4 d6 5. g3 Nh5 6. Be3 0-0 7. Bg2 c6 8. Nf3 e5 9. 0-0 Qc7 10. Rc1 h6 11. Qd2 Kh7 12. Nh4 f5 13. Qc2 Qf7 14. d5 g5 15. dxc6 Nxc6 16. Bd5 Qf6 17. Ng2 Nb4 18. Qb1 Nxd5 19. cxd5 Qg6 20. Nb5 a6 21. Nc7 Bd7 22. Nxa8 Rxa8 23. Rc7 Rd8 24. Bb6 Qf7 25. Rxd7 Rxd7 26. g4 Nf4 27. gxf5 Nxe2+ 28. Kh1 Bf6 29. Qe4 Nf4 30. Nxf4 exf4 31. Qe6 Re7 32. Qxd6 Re2 33. Rd1 Rxb2 34. Qc7 Qxc7 35. Bxc7 Rxf2 36. a3 f3 37. Kg1 Rg2+ 38. Kf1 g4 39. d6 Be5 40. Bb6 Rxh2 41. Rd5 Rh1+ 42. Kf2 Rh2+ 43. Kg1 Rg2+ 44. Kf1 Rb2 45. d7 g3 46. d8Q g2+ 47. Kg1 Rb1+ 48. Rd1 Rxd1+ 49. Qxd1 Kg7 50. Qxf3 Kf6 51. Kxg2 Kg5 52. Bd8+ Bf6 53. Bxf6+ Kxf6 54. Qxb7 Kxf5 55. Qxa6 h5 56. Qb7 Kg4 57. Qf3+ Kg5 58. a4 h4 59. a5 1-0

[Event "NED-ch U14 Girls"]
[Site "Almelo"]
[Date "2022.05.03"]
[Round "3"]
[White "Jonkman, Sophia"]
[Black "Kulikova, Polina"]
[Result "0-1"]
[WhiteElo "1417"]
[BlackElo "1117"]
[PlyCount "78"]
[EventDate "2022.05.01"]
[EventType "swiss"]
[EventRounds "9"]
[EventCountry "NED"]
[SourceTitle "EXT 2023"]
[Source "ChessBase"]
[SourceDate "2022.10.05"]
[SourceVersion "1"]
[SourceVersionDate "2022.10.05"]
[SourceQuality "1"]

1. d4 Nf6 2. c4 e6 3. Nf3 b6 4. g3 Bb7 5. Bg2 Bb4+ 6. Bd2 Bxd2+ 7. Nbxd2 0-0 8. 0-0 d5 9. b3 Nc6 10. e3 Ne7 11. Qc2 Ng6 12. Rfd1 Re8 13. Rac1 Rc8 14. cxd5 exd5 15. Qc3 c6 16. Ne5 Qe7 17. Nxg6 fxg6 18. Qd3 Rf8 19. h3 Qf7 20. Rf1 Rc7 21. e4 dxe4 22. Nxe4 Nxe4 23. Bxe4 Rd8 24. a4 c5 25. Bxb7 Rxb7 26. Qb5 Rxd4 27. Qc6 Qd7 28. Qf3 Rd3 29. Qf4 Rxb3 30. Rfe1 Rb4 31. Qf3 h6 32. Re3 Qf7 33. Qg2 Re7 34. Qa8+ Kh7 35. Kg2 Rxe3 36. Rc2 Rd3 37. Re2 Qd5+ 38. Qxd5 Rxd5 39. Re7 Rxa4 0-1